000 00559nam a2200169 4500
001 132678
003 ES-MaACL
005 20230906194227.0
007 t|
008 070214s1958 sp r ||||1| spa d
100 1 _aRoques, K. R. von.
_999552
245 1 0 _aTú y la Medicina
_b: antigua y nueva ciencia de curar /
_cDr. K. R. von Roques ; traducción por Ignacio Rodrigo y García.
260 _aBarcelona :
_bLabor,
_c1958.
300 _a392 p., 16 lám. ;
_c22 cm.
700 1 _aRodrigo García, Ignacio.
_998183
852 _aES-MaACL
_jC-14695
_bR.42859
999 _c132678
_d132678